000
00341nam a2200157Ia 4500
100
_a
Shetty/Devdas/ kOLK/R.A
942
_c
BK
366
_f
15
654
_a
Mechatronics
245
_a
Mechatronics system design
260
_b
Brooks/cole Pub Co
_c
1997
082
_a
621.381042
_b
SHE
300
_a
422
546
_a
ENGLISH
999
_c
29239
_d
29239